Sports Quiz

Random Sports or Clickable Quiz
Score 0/20 Timer 08:00
12 Plays Today
% Correct
1990s
82.9%
2000s
77.8%
1980s
73.9%
2010s
73.2%
1990s
71.5%
1960s
66.5%
2000s
64.9%
1990s
63.7%
1930s
62.5%
1970s
61.4%
% Correct
1970s
59.7%
1980s
54.1%
2000s
53.2%
1960s
52.1%
1920s
49.7%
1960s
44.5%
1930s
43.9%
1950s
38.7%
1940s
33.5%
1950s
32.2%

You're not logged in!

Compare scores with friends on all Sporcle quizzes.
OR
Log In

Sporcle TV

Today on Sporcle TV


Watch our educational content, quiz creation guides, and fun videos on Sporcle TV.

Show Comments

Extras

Top Quizzes Today


Score Distribution

Your Account Isn't Verified!

In order to create a playlist on Sporcle, you need to verify the email address you used during registration. Go to your Sporcle Settings to finish the process.

Report this User

Report this user for behavior that violates our Community Guidelines.

Details: